| 000 | 01332cam a22002175a 4500 | ||
|---|---|---|---|
| 001 | L157679 | ||
| 008 | 130227s1816 xxk f 000 0 eng d | ||
| 035 | _a(Sirsi) u157679 | ||
| 041 | 0 | _aeng | |
| 100 | 1 |
_aWhitaker, Thomas Dunham _d1759-1821 |
|
| 240 | _aHistory of Leeds | ||
| 245 | 0 | 0 |
_aLoidis and Elmete; or, An attempt to illustrate the districts described in those words by Bede _band supposed to embrace the lower portions of Aredale and Wharfdale, together with the entire vale of Calder, in the county of York _cBy Thomas Dunham Whitaker, L.L. D. F.S.A. Vicar of Whalley, and rector of Heysham, in Lancashire.. |
| 260 |
_a[Leeds] _bPrinted by T. Davison, for Robinson, Son, and Holdsworth, Leeds; and John Hurst, Wakefield _cMDCCCXVI [-1820]. |
||
| 300 |
_a[6], 74, 73*-74*, 75-326, 327*-328*, 327-404, 2, 80 [i.e. 88] p., [69] leaves of plates (15 folded) _bill., coats of arms, geneal. tables, ports. _cfol |
||
| 520 | _aSometimes refered to as the second volume of "The history of Leeds", the first being "Ducatus Leodiensis" (1715) by Ralph Thoresby, of which Whitaker published a second edition in 1816 (cf. Boyne) (see L157678). | ||
| 583 |
_aCondition reviewed _c20120620 _lcondition level |
||
| 651 | 4 |
_aEngland _y886- |
|
| 690 |
_aGeomatics _96242 |
||
| 700 | 1 |
_aWhitaker, Thomas Dunham _d1759-1821 |
|
| 942 | _n0 | ||
| 999 |
_c114916 _d114916 |
||